[Event "Schachfreunde Paderborn 2000-SV Jedeshei"]
[Site "Bingen"]
[Date "2008.12.30"]
[Round "7.3"]
[White "Goda, Robert-Rene"]
[Black "Neukoetter, Moritz"]
[Result "1/2-1/2"]
[WhiteElo "1580"]
[BlackElo "1685"]
[PlyCount "58"]
[EventDate "2008.??.??"]

1. d4 f5 2. Bf4 Nf6 3. Nf3 g6 4. e3 Bg7 5. Bc4 d5 6. Bb3 c6 7. Qd3 Nbd7 8. c4
h6 9. Nc3 e6 10. Ne5 g5 11. Bg3 Nh5 12. O-O-O Nxg3 13. hxg3 Nxe5 14. dxe5 Bxe5
15. Ne2 Qf6 16. Rd2 Kf7 17. cxd5 cxd5 18. Qb5 Qe7 19. Rc2 b6 20. Bxd5 Bd7 21.
Bc6 Bxc6 22. Rxc6 Rac8 23. Rxc8 Rxc8+ 24. Kb1 Bg7 25. Rd1 Rc7 26. Qa4 Kg6 27.
g4 Qc5 28. Nd4 Bxd4 29. exd4 Qc6 1/2-1/2

[Event "Schachfreunde Paderborn 2000-SV Jedeshei"]
[Site "Bingen"]
[Date "2008.12.30"]
[Round "7.4"]
[White "Bartholdus, Daniela"]
[Black "Kraus, Johannes"]
[Result "1-0"]
[WhiteElo "1298"]
[BlackElo "1475"]
[PlyCount "101"]
[EventDate "2008.??.??"]

1. d4 d5 2. Bf4 Nf6 3. Nf3 Bf5 4. e3 e6 5. Bd3 g6 6. O-O Bg7 7. Qe2 Nc6 8. Nbd2
Qd7 9. a3 O-O-O 10. Bxf5 gxf5 11. Ne5 Nxe5 12. Bxe5 Rdg8 13. c4 Ng4 14. Bg3 h5
15. cxd5 Qxd5 16. Nf3 Bf6 17. Rac1 Bd8 18. h3 Nh6 19. Rc5 Qd7 20. Rfc1 c6 21.
b4 Bc7 22. Bxc7 Kxc7 23. b5 Kd6 24. bxc6 bxc6 25. Rxc6+ Qxc6 26. Rxc6+ Kxc6 27.
Ne5+ Kc7 28. Qc4+ Kd8 29. Qc6 Ke7 30. Qc7+ Kf6 31. Nc6 Kg7 32. Qe5+ Kf8 33. Nb8
Rh7 34. Nd7+ Ke7 35. Nf6 Rhg7 36. Nxg8+ Rxg8 37. Qc7+ Kf8 38. Qxa7 f6 39. Qb7
Nf7 40. a4 Ng5 41. Kh2 Ne4 42. f3 Ng3 43. Kg1 Ne2+ 44. Kf2 Ng3 45. a5 Nh1+ 46.
Kg1 Ng3 47. a6 f4 48. a7 Ne2+ 49. Kf2 fxe3+ 50. Kxe3 Rxg2 51. a8=R# 1-0

[Event "Schachgemeinschaft Porz-SK Landau"]
[Site "Bingen"]
[Date "2008.12.30"]
[Round "7.1"]
[White "Kopp, Nico"]
[Black "Kremser, Michael"]
[Result "1-0"]
[WhiteElo "1938"]
[BlackElo "1818"]
[PlyCount "95"]
[EventDate "2008.??.??"]

1. e4 c5 2. c3 d5 3. exd5 Qxd5 4. d4 Nf6 5. Nf3 Bg4 6. dxc5 Qxd1+ 7. Kxd1 e5 8.
b4 e4 9. h3 Bh5 10. g4 exf3 11. gxh5 Nc6 12. Bb5 O-O-O+ 13. Kc2 Nxh5 14. Bxc6
bxc6 15. Nd2 Rd5 16. Nb3 g6 17. Nd4 Kb7 18. Be3 Bg7 19. Nxf3 Rhd8 20. Bd4 Rf5
21. Bxg7 Nxg7 22. Nd4 Rxf2+ 23. Kb3 Nf5 24. Rad1 Nxd4+ 25. cxd4 Kc7 26. Rhf1
Rxf1 27. Rxf1 f5 28. Kc4 Re8 29. b5 Re4 30. bxc6 Kxc6 31. Rf3 f4 32. Ra3 Kb7
33. Rb3+ Kc7 34. h4 h6 35. Rf3 g5 36. hxg5 hxg5 37. Kd3 Re6 38. d5 Ra6 39. Kc4
Rxa2 40. Rh3 g4 41. Rh7+ Kd8 42. d6 f3 43. c6 Rc2+ 44. Kb5 Rb2+ 45. Ka4 Re2 46.
Rh8+ Re8 47. c7+ Kd7 48. Rxe8 1-0

[Event "Schachgemeinschaft Porz-SK Landau"]
[Site "Bingen"]
[Date "2008.12.30"]
[Round "7.2"]
[White "Finke, Kai"]
[Black "Karpa, Adrian"]
[Result "0-1"]
[WhiteElo "1593"]
[BlackElo "1627"]
[PlyCount "84"]
[EventDate "2008.??.??"]

1. c4 Nf6 2. Nc3 g6 3. g3 Bg7 4. Bg2 O-O 5. e3 d6 6. Nge2 Nbd7 7. O-O e5 8. d3
c6 9. e4 h6 10. h3 Ne8 11. f4 f5 12. Kh2 Ndf6 13. Be3 Nh5 14. Qd2 Kh7 15. Rf2
Nef6 16. Raf1 Qe7 17. b4 exf4 18. Nxf4 Nxg3 19. Kxg3 g5 20. Kh2 gxf4 21. Bxf4
Nh5 22. Ne2 Nxf4 23. Nxf4 Qg5 24. Qe3 Bd7 25. Qg3 Be5 26. h4 Qxg3+ 27. Kxg3 a5
28. Rb1 Rg8+ 29. Kh2 Rg4 30. Rbf1 axb4 31. Kg1 Bd4 32. Ne2 Be3 33. Kh2 Rxh4+
34. Kg3 Rg4+ 35. Kf3 Bxf2 36. Rxf2 fxe4+ 37. dxe4 Ra3+ 38. Nc3 Rxc3+ 39. Ke2
Rc2+ 40. Kf3 Rf4+ 41. Kxf4 Rxf2+ 42. Kg3 Rxa2 0-1

[Event "Schachgemeinschaft Porz-SK Landau"]
[Site "Bingen"]
[Date "2008.12.30"]
[Round "7.3"]
[White "Louis, Malte"]
[Black "Krause, Johann"]
[Result "1-0"]
[WhiteElo "1549"]
[BlackElo "1463"]
[PlyCount "61"]
[EventDate "2008.??.??"]

1. e4 g6 2. Bc4 d6 3. d3 Bg7 4. f4 f5 5. Nf3 Nc6 6. Ng5 Nh6 7. c3 e5 8. O-O
exf4 9. Bxf4 Ne5 10. Bb3 fxe4 11. dxe4 Qe7 12. Qd2 Nhg4 13. h3 Nf6 14. Bxe5
Qxe5 15. Nf7 Qc5+ 16. Qd4 Qxd4+ 17. cxd4 Rf8 18. Nc3 Bd7 19. Rae1 Ng8 20. e5
dxe5 21. dxe5 Ne7 22. Ne4 Nf5 23. Nf6+ Bxf6 24. exf6+ Be6 25. Bxe6 Rxf7 26.
Bxf7+ Kxf7 27. g4 Nd6 28. Re7+ Kf8 29. Rxc7 b6 30. Rxh7 Nf7 31. Rc1 1-0

[Event "Schachgemeinschaft Porz-SK Landau"]
[Site "Bingen"]
[Date "2008.12.30"]
[Round "7.4"]
[White "Schell, Samuel"]
[Black "Schmidt, Justus"]
[Result "1/2-1/2"]
[WhiteElo "1301"]
[BlackElo "1424"]
[PlyCount "52"]
[EventDate "2008.??.??"]

1. e4 c5 2. Nc3 Nc6 3. f4 g6 4. Nf3 Bg7 5. d3 Nd4 6. Be3 e6 7. e5 Nxf3+ 8. Qxf3
Qa5 9. Be2 d5 10. exd6 Bxc3+ 11. bxc3 Qxc3+ 12. Kf2 h5 13. Qe4 Nh6 14. Qe5 Qxe5
15. fxe5 b6 16. Bg5 Nf5 17. c3 Bd7 18. Rhd1 Ba4 19. Rd2 Kd7 20. Rb1 Rab8 21.
Bf6 Rhe8 22. h3 Bc6 23. Rh1 b5 24. Rb2 b4 25. c4 Nd4 26. Bd1 a5 1/2-1/2

[Event "Schachklub Nordhorn-Blanke-SV Muldental "]
[Site "Bingen"]
[Date "2008.12.30"]
[Round "7.1"]
[White "Schulz, Anja"]
[Black "Schulz, Jens"]
[Result "1/2-1/2"]
[WhiteElo "1992"]
[BlackElo "2019"]
[PlyCount "72"]
[EventDate "2008.??.??"]

1. e4 e5 2. Nf3 Nc6 3. Bb5 a6 4. Ba4 Nf6 5. d3 d6 6. O-O b5 7. Bb3 Na5 8. c3
Nxb3 9. axb3 Be7 10. Re1 c6 11. Nbd2 O-O 12. Nf1 Re8 13. Ng3 Bf8 14. h3 g6 15.
Nh2 Bg7 16. Qf3 d5 17. Bg5 h6 18. Be3 Qc7 19. Ngf1 Bb7 20. Ng4 Nxg4 21. hxg4
Qd7 22. c4 Bc8 23. Nh2 f5 24. gxf5 gxf5 25. Qh5 f4 26. Bc5 dxe4 27. dxe4 Qf7
28. Qxf7+ Kxf7 29. cxb5 cxb5 30. Red1 Be6 31. b4 Red8 32. Nf3 Rxd1+ 33. Rxd1 a5
34. bxa5 Rxa5 35. b4 Ra8 36. Rd6 Re8 1/2-1/2

[Event "Schachklub Nordhorn-Blanke-SV Muldental "]
[Site "Bingen"]
[Date "2008.12.30"]
[Round "7.2"]
[White "Hurink, Maarten"]
[Black "Voelz, Michael"]
[Result "0-1"]
[WhiteElo "1790"]
[BlackElo "1814"]
[PlyCount "54"]
[EventDate "2008.??.??"]

1. d4 d5 2. c4 e6 3. Nf3 Nf6 4. Bg5 c6 5. e3 Nbd7 6. Nc3 Qa5 7. Nd2 Bb4 8. Qc2
O-O 9. Be2 dxc4 10. Bh4 Nd5 11. Rc1 b5 12. O-O e5 13. Nf3 exd4 14. Nxd4 Bb7 15.
Qf5 N7f6 16. Nxd5 Nxd5 17. e4 Ne7 18. Qg4 Ng6 19. Nf5 Qxa2 20. f4 Bc8 21. Nh6+
gxh6 22. f5 Qxb2 23. Qh5 Nxh4 24. Qxh6 Qg7 25. Qxh4 Kh8 26. Rf3 Rg8 27. f6
Qxg2# 0-1

[Event "Schachklub Nordhorn-Blanke-SV Muldental "]
[Site "Bingen"]
[Date "2008.12.30"]
[Round "7.3"]
[White "Schuffenhauer, Robert"]
[Black "Kleinschmidt, Annika"]
[Result "1-0"]
[WhiteElo "1633"]
[BlackElo "1553"]
[PlyCount "51"]
[EventDate "2008.??.??"]

1. d4 d5 2. c4 Nf6 3. Nf3 e6 4. Nc3 c6 5. Bg5 Nbd7 6. e4 Qa5 7. exd5 cxd5 8. a3
a6 9. c5 Be7 10. b4 Qc7 11. Bd3 O-O 12. Qc2 h6 13. Bh4 b6 14. Bg3 Qb7 15. O-O
Nh5 16. Rfb1 Nxg3 17. hxg3 Qc7 18. a4 Bb7 19. g4 Rab8 20. g5 hxg5 21. g3 e5 22.
cxb6 Qxb6 23. Nxe5 Nxe5 24. dxe5 Rbc8 25. Qd2 Qd4 26. Bh7+ 1-0

[Event "Schachklub Nordhorn-Blanke-SV Muldental "]
[Site "Bingen"]
[Date "2008.12.30"]
[Round "7.4"]
[White "Baisakow, Christine"]
[Black "Schlemmer, Martin"]
[Result "0-1"]
[WhiteElo "1406"]
[BlackElo "1436"]
[PlyCount "54"]
[EventDate "2008.??.??"]

1. e4 e5 2. d4 exd4 3. Qxd4 Nc6 4. Qe3 d6 5. Nc3 Be7 6. Bd2 Nf6 7. Bd3 Ne5 8.
f4 Nxd3+ 9. cxd3 O-O 10. O-O-O Re8 11. Re1 c6 12. Qf3 Qc7 13. h3 a5 14. g4 b5
15. g5 Nd7 16. f5 Ne5 17. Qg3 Ba6 18. f6 Bd8 19. Nd1 b4 20. Nf2 c5 21. fxg7 c4
22. Bf4 cxd3+ 23. Kb1 Qc2+ 24. Ka1 d2 25. Rb1 Bb6 26. Bxe5 Bxf2 27. Qxf2 d1=Q
0-1